Statistiques concernant Personnages d'anime en images - H

Cliquez ici pour prendre le quiz!

Statistiques générales

  • Ce quiz a été pris 176 fois
  • Le résultat moyen est 6 sur 18

Statistiques - réponses

Réponse% Correct
Hinata Hyûga
95%
Hisoka
93%
Happy
75%
Hamtaro
61%
Hansi Zoe
51%
Hiluluk
48%
Heidi
46%
Hannes
42%
Haku
30%
Van Hohenheim
17%
Haru
16%
Maes Hughes
15%
Hiro
12%
Hauru
9%
Hinami Fueguchi
8%
Hayato Kawajiri
6%
Hikigaya Hachiman
2%
Harima Kenji
1%

Distribution des résultats

Percentile par nombre de réponses

% des personnes avec chaque résultat

Votre développement - résultats

Vous n’avez pas pris ce quiz